[Event "Sautron op 16th"]
[Site "Sautron"]
[Date "2016.10.22"]
[Round "6.7"]
[White "Ider, Borya"]
[Black "Lejarre, Ludovic"]
[Result "1/2-1/2"]
[WhiteElo "2463"]
[BlackElo "2347"]
[Annotator "RR"]
[PlyCount "105"]
[EventDate "2016.10.22"]
[EventType "swiss"]
[EventRounds "9"]
[EventCountry "FRA"]
[SourceTitle "EXT 2019"]
[Source "ChessBase"]
[SourceDate "2018.10.10"]
[SourceVersion "1"]
[SourceVersionDate "2018.10.10"]
[SourceQuality "1"]
[TimeControl "40/5400+30:1800+30"]
[WhiteClock "0:31:54"]
[BlackClock "0:24:25"]

1. Nf3 {[%emt 0:00:00]} Nf6 {[%emt 0:00:00]} 2. b3 {[%emt 0:00:00]} g6 {
[%emt 0:01:05]} 3. Bb2 {[%emt 0:00:00]} Bg7 {[%emt 0:00:04]} 4. g3 {[%emt 0:00:
00]} O-O {[%emt 0:00:11]} 5. Bg2 {[%emt 0:00:05]} d6 {[%emt 0:00:41]} 6. d4 {
[%emt 0:01:06]} e5 {[%emt 0:03:02]} (6... Nbd7) 7. dxe5 {[%emt 0:01:56]} Nfd7 {
[%emt 0:00:56]} (7... Ng4 $143 8. h3 Nxe5 9. Nxe5 dxe5 10. Qxd8 Rxd8 11. Nd2 c6
12. O-O-O $32) 8. Nbd2 {[%emt 0:04:16][%cal Gd2c4,Gc4e5]} (8. O-O) (8. Nc3)
8... Nc6 {[%emt 0:09:22]} 9. Nc4 {[%emt 0:05:40]} (9. O-O dxe5 10. Nc4 Re8 11.
e3 Qe7 12. Ba3 Qf6 13. Bb2 Qe7 14. Nfd2 Nb6 15. Qe2 f5 16. a4 e4 17. Nxb6 axb6
18. Bxg7 Kxg7 19. Nc4 Be6 20. Rfd1 Red8 21. Bf1 Qb4 22. Kg2 Kf6 23. h4 h6 24.
Na3 Rxd1 25. Qxd1 Rd8 26. Qc1 Ne5 27. Nb5 c6 28. Nd4 Qc3 29. Ne2 Qd2 30. Qb2 g5
31. hxg5+ hxg5 32. Nc3 Qd6 33. Rd1 Qe7 34. Rxd8 Qxd8 35. Ne2 Qd6 36. Nd4 Kg6
37. Be2 Bd7 38. Qc3 c5 {Skripchenko,A (2449)-Videnova,I (2315) Plovdiv 2014 1/
2-1/2 (91)}) 9... Ndxe5 {[%emt 0:04:05]} 10. Nfxe5 {[%emt 0:03:26]} Nxe5 {
[%emt 0:01:48]} 11. Nxe5 {[%emt 0:16:40]} Bxe5 {[%emt 0:04:11]} 12. Qc1 {
[%emt 0:00:10]} (12. Bxe5 dxe5 13. Qxd8 Rxd8 14. Rd1 Rxd1+ 15. Kxd1 Kf8 $11)
12... Qf6 $1 $146 {[%emt 0:02:07]} (12... Re8 13. c3 Bg7 14. Qd2 Bg4 15. e3 c6
16. h3 Bf5 17. O-O d5 18. Rac1 Be4 19. Rfd1 Qf6 20. Ba1 Bxg2 21. Kxg2 Qf5 22.
Qd3 Qe4+ 23. Qxe4 Rxe4 24. Rc2 Rd8 25. c4 Bxa1 26. Rxa1 dxc4 27. bxc4 Rd3 28.
Rb1 b6 29. Kf3 Re5 30. Ke2 Ra3 31. h4 Rea5 32. Rbb2 R5a4 33. Kd2 Kf8 34. Kc1
Ke7 35. Kb1 Kd6 36. Rb3 Kc5 37. Rxa3 Rxa3 38. Kb2 Rd3 39. a3 h5 40. Ka2 f6 41.
Kb2 a6 42. Ka2 {Bauza,A (2300)-Crosa Coll,M (2215) Montevideo 2000 0-1}) 13. c3
$11 {[%emt 0:00:23] Sans surprise le début peu ambitieux des Blancs n'a non
seulement donné aucun avantage mais les Blancs doivent maintenant lutter pour
garder l'égalité.} Qe7 {[%emt 0:03:06]} 14. O-O {[%emt 0:00:07]} Bg7 {
[%emt 0:05:08]} 15. Re1 {[%emt 0:00:46]} (15. Qd2) 15... Rb8 {[%emt 0:02:06]}
16. c4 {[%emt 0:00:27]} b6 {[%emt 0:04:05]} 17. Bxg7 {[%emt 0:04:43]} Kxg7 {
[%emt 0:00:43]} 18. Qd2 {[%emt 0:00:05]} Re8 {[%emt 0:04:29]} 19. Rac1 {
[%emt 0:00:20]} a5 {[%emt 0:13:48]} 20. a3 {[%emt 0:01:39]} Qe5 {[%emt 0:01:46]
} 21. Rc3 {[%emt 0:00:20]} Bg4 {[%emt 0:04:38]} 22. Bc6 {[%emt 0:00:37]} Red8 {
[%emt 0:04:12]} 23. Re3 {[%emt 0:00:15]} Qf6 {[%emt 0:01:06]} 24. b4 {[%emt 0:
00:07]} axb4 {[%emt 0:00:27]} 25. axb4 {[%emt 0:00:05]} Bd7 {[%emt 0:03:45]}
26. Bd5 {[%emt 0:00:31]} Be6 {[%emt 0:00:30]} 27. b5 {[%emt 0:00:05][%csl Rc7]}
Bxd5 {[%emt 0:02:18]} 28. cxd5 {[%emt 0:00:34]} Ra8 {[%emt 0:01:05]} 29. Rc1 {
[%emt 0:00:05]} Rd7 {[%emt 0:12:57]} 30. Rc4 {[%emt 0:07:34]} (30. Rec3 Qd8 31.
Qb2 {[%cal Gc3c7,Gb2g7]} Kg8) 30... Ra5 {[%emt 0:02:21]} 31. Qb4 {[%emt 0:19:
48]} Re7 {[%emt 0:06:01] Plus que 04 mns pour passer le contrôle de temps} 32.
Rf3 {[%emt 0:02:31]} Qe5 {[%emt 0:02:08]} 33. e4 {[%emt 0:00:47]} Qa1+ {
[%emt 0:01:01]} 34. Kg2 {[%emt 0:00:03]} Qe5 {[%emt 0:00:55]} 35. Rfc3 {
[%emt 0:00:06] Les Noirs n'ont qu'une seule faiblesse relativement facile à
protéger} Ra7 {[%emt 0:00:49]} 36. Rc2 {[%emt 0:00:13]} f5 {[%emt 0:00:26]}
37. f4 {[%emt 0:00:14]} Qa1 $6 {[%emt 0:00:30] Joué quasiment à tempo mais
les Noirs n'avaient plus qu'une minute à la pendule} (37... Qf6) 38. e5 $1 {
[%emt 0:00:02][%cal Gb4e7]} Ra2 {[%emt 0:00:20]} 39. e6 {[%emt 0:00:37]} (39.
exd6 Re2+) 39... Rxc2+ {[%emt 0:00:33]} 40. Rxc2 {[%emt 0:00:00]} Qd1 {[%emt 0:
00:00] Le contrôle de temps est passé ùais la position Noire est difficile
à cause du P passé} 41. Qb2+ {[%emt 0:01:50]} Kh6 {[%emt 0:03:00]} 42. Rd2 {
[%emt 0:00:12]} Qe1 {[%emt 0:00:17]} 43. Qd4 {[%emt 0:00:06]} Re8 {[%emt 0:00:
56]} 44. Rc2 {[%emt 0:01:36]} Ra8 $1 {[%emt 0:00:40]} 45. Qd2 {[%emt 0:13:56]}
Qe4+ {[%emt 0:01:18]} 46. Kh3 {[%emt 0:00:01]} Ra3 {[%emt 0:04:40]} 47. Rxc7 {
[%emt 0:11:44]} Qf3 {[%emt 0:00:48]} 48. Qb2 {[%emt 0:04:56]} Qg4+ {[%emt 0:00:
41]} 49. Kg2 {[%emt 0:01:36]} Qf3+ {[%emt 0:00:07]} 50. Kh3 {[%emt 0:01:26]}
Qg4+ {[%emt 0:00:10]} 51. Kg2 {[%emt 0:00:04]} Qf3+ {[%emt 0:00:06]} 52. Kg1 {
[%emt 0:00:39]} Qd1+ {[%emt 0:00:07]} 53. Kg2 {[%emt 0:00:07]} 1/2-1/2

[Event "Buenos Aires Najdorf"]
[Site "Buenos Aires"]
[Date "1995.??.??"]
[Round "11"]
[White "Van Wely, Loek"]
[Black "Giardelli, Sergio Carlos"]
[Result "1-0"]
[WhiteElo "2585"]
[BlackElo "2445"]
[Annotator "Ribli,Z"]
[PlyCount "47"]
[EventDate "1995.07.??"]
[EventType "tourn"]
[EventRounds "11"]
[EventCountry "ARG"]
[EventCategory "11"]
[SourceTitle "CBM 049"]
[Source "ChessBase"]
[SourceDate "1995.12.01"]
[SourceVersion "1"]
[SourceVersionDate "1995.12.01"]
[SourceQuality "1"]

1. c4 c5 2. Nc3 Nf6 3. g3 g6 4. Bg2 Bg7 5. Nf3 O-O 6. d4 cxd4 7. Qxd4 {Das ist
offenbar eine interessante Neuerung.} (7. Nxd4 Nc6 {-> A39}) 7... Nc6 8. Qh4
Qa5 (8... b6 9. O-O Bb7 10. Bh6 $40) 9. O-O Ne5 (9... d6 10. Nd5 $5 Be6 (10...
Nxd5 11. cxd5 Qxd5 $4 12. Ng5 $18) 11. Bd2 Qd8 12. Bc3 $40) (9... Qh5) 10. Nd5
$5 Nxd5 11. cxd5 Nxf3+ (11... Qxd5 $4 12. Ng5 $18) 12. Bxf3 Re8 {[#]} (12...
Bf6 13. Bg5 Bxg5 14. Qxg5 Re8 15. Rfc1 d6 16. Rc4 {Droht /\ Rh4,Qh6}) 13. d6 $1
{Ein sehr starkes positionelles Bauernopfer.} exd6 14. Rd1 d5 $5 {Schwarz will
/\ d6 und dann Be6 spielen.} 15. Bh6 $1 Bxb2 $6 (15... d6 16. Bxg7 Kxg7 17.
Qd4+ Kg8 18. Qxd5 Qxd5 19. Rxd5 Rd8 20. Rad1 Be6 21. Rxd6 Rxd6 22. Rxd6 Bxa2
23. Bxb7 (23. Rd7 $5) 23... Rb8 24. Rd7 Be6 25. Rc7 a5 $14) 16. Rab1 Bg7 17.
Bxd5 d6 18. Bxg7 Kxg7 {Der Nachziehende braucht noch einen Zug ( Be6 ) und
dann steht er nur unbede- utend schlechter.} 19. Bxf7 $1 {[#]} Rxe2 (19... Kxf7
20. Qxh7+ Kf6 (20... Kf8 21. Rxd6 $18) (20... Ke6 21. Qxg6+ $18) 21. Rxd6+ Be6
(21... Re6 22. Qh8+ Ke7 23. Rxe6+ Kxe6 24. Rb3 $18) 22. Rxb7 Qe1+ 23. Kg2 Qxe2
24. Qf7+ $1 Kg5 (24... Ke5 25. Qf4#) 25. Qf4+ Kh5 26. Rh7#) 20. Bd5 Qc5 21. Qf4
Re7 22. Rbc1 Qb6 23. Re1 $1 Qd8 (23... Rxe1+ 24. Rxe1 Qd8 25. Qf7+ Kh6 26. Re7
$18) 24. Qd4+ {Ribli} (24. Qd4+ Kh6 25. Qh4+ $18) 1-0

[Event "Gibraltar Masters 13th"]
[Site "Caleta"]
[Date "2015.01.29"]
[Round "3"]
[White "Roiz, Michael"]
[Black "Soumya, Swaminathan"]
[Result "1-0"]
[WhiteElo "2592"]
[BlackElo "2346"]
[Annotator "Roiz,M"]
[PlyCount "85"]
[EventDate "2015.01.27"]
[EventType "swiss"]
[EventRounds "10"]
[EventCountry "GGB"]
[SourceTitle "CBM 165"]
[Source "ChessBase"]
[SourceDate "2015.03.11"]
[SourceVersion "1"]
[SourceVersionDate "2015.03.11"]
[SourceQuality "1"]

1. Nf3 Nf6 2. g3 g6 3. b3 {I didn't mind deviating from the main lines of the
Grünfeld.} Bg7 4. Bb2 O-O 5. Bg2 d6 {Black chooses a King's Indian setup.} 6.
d4 e5 ({Most probably,} 6... c5 7. c4 d5 (7... Qa5+ $5 {has been seen in a
couple of games and deserves serious attention as well.}) 8. O-O {transposing
to a known theoretical position of the Grünfeld is a safer choice here.}) 7.
dxe5 Nfd7 {At this point we both were out of preparation.} ({Before the game,
I had briefly looked at} 7... Ng4 8. Qc1 Nxe5 9. Nxe5 dxe5 (9... Bxe5 10. Bxe5
dxe5 11. O-O $14) 10. O-O {with a pleasant edge due to strong pressure along
the h1-a8 diagonal.}) 8. O-O {This was played after long meditation. I had a
few alternatives at my disposal, so the decision wasn't easy.} ({There are
different ways of development, but sooner or later the Bb2 had to be protected.
For instance, I considered:} 8. Qd2 Nxe5 (8... dxe5 9. Nc3 $14 {leaves Black
with an inferior position in view of an awkward placement of the knight.}) 9.
Nxe5 dxe5 10. Qxd8 Rxd8 11. Nd2 {with a slight edge. In my opinion, Black
should be able to equalise here.}) ({At the same time,} 8. Nc3 $5 {possible
may pose Black more problems. For instance, after} Nxe5 (8... dxe5 9. Qd2 $14 {
leads to a position from a previous note.}) 9. Nxe5 Bxe5 10. Qd2 Nc6 11. O-O-O
$14 {White gets good attacking prospects. Black has to deal with an advance of
the h-pawn.}) 8... Nc6 {This natural developing move definitely makes sense -
Black is not obliged to clarify the pawn structure yet.} ({I intended to meet} 
8... dxe5 {with} 9. Nfd2 Nc6 10. Nc3 Re8 11. Nc4 Nb6 12. Nxb6 axb6 13. Qxd8
Rxd8 14. Nd5 $14) ({In the following game Black didn't fully solve the
problems either:} 8... Re8 9. Qc1 dxe5 10. e4 a5 11. Rd1 Na6 12. Qe3 c6 13. a4
Qc7 14. Na3 $14 {1/2-1/2 Dizdarevic,E (2527)-Smirin,I (2671)/Solin 1999/CBM
075 (61)}) 9. Qd2 ({I rejected} 9. Nc3 {in view of} Ndxe5 (9... dxe5 10. Qc1
$14) 10. Nxe5 Bxe5 11. Rb1 Be6 12. Qd2 Bg7 13. e3 Qd7 14. Nd5 Bxb2 15. Rxb2
Bxd5 16. Bxd5 {since White's edge looks rather symbolic in that case: Black
has no weaknesses.}) 9... Ndxe5 ({An attempt to delay this move would suit me:
} 9... Re8 10. Rd1 Ndxe5 11. Nxe5 Nxe5 12. c4 $14) 10. Nxe5 (10. c4 $5 Bg4 11.
Nc3 (11. Nd4 Re8 12. Nxc6 bxc6 13. Nc3 $14) 11... Nxf3+ 12. exf3 Be6 13. f4 $14
) 10... dxe5 (10... Nxe5 11. c4 Re8 12. Nc3 $14) 11. Rd1 Bf5 $146 {WGM
Swaminathan comes up with a logical novelty. The bishop casts an eye on the
Pc2 and may support the e5-e4 advance at some point.} (11... Be6 12. Nc3 $14) (
{The preceding game saw} 11... Bg4 12. Nc3 Qxd2 13. Rxd2 Rad8 14. Rxd8 Rxd8 15.
Bxc6 bxc6 16. f3 Bf5 17. e4 Bc8 18. Rd1 $14 {and White kept a clear positional
advantage in 1-0 Dizdar,G (2495)-Werner,D (2390)/Bad Mergentheim 1989/EXT 1997
(30).}) 12. Bxc6 {This move is a bit risky, since White's king is getting
exposed without such an important defender. However, White gets a clear target
on the opposite side.} (12. Nc3 Qxd2 13. Rxd2 Rad8 14. Nd5 Rd7 15. Rad1 Rfd8 {
didn't promise much.}) 12... bxc6 13. Na3 Qe7 $6 {Avoiding the endgame looks
like a logical decision from a human point of view.} ({At the same time, the
correct} 13... Qxd2 $1 14. Rxd2 Be6 15. Rad1 Rfb8 16. Nb1 Bh6 $1 17. e3 f6 {
would promise Black excellent chances for equality - White's knight is far
away from the key squares, so Black may get rid of her weak a-pawn soon.}) 14.
Qc3 {I was glad to discover, that I may attack the opponent's pawns during the
next few moves.} (14. Nc4 Rfd8 15. Qc3 Rxd1+ 16. Rxd1 Rd8 17. Rxd8+ Qxd8 18.
Ne3 $14) 14... Qe6 15. Nc4 ({For some reasons, I didn't like winning a pawn
after} 15. Qa5 f6 (15... Rfc8 16. Nc4 Bxc2 17. Rd2 Be4 18. Bxe5 $16) 16. Qxc7
Rf7 17. Qa5 Bf8 $14) 15... Rfe8 (15... Rfd8 16. Ne3 (16. f3 Bh3 17. e4 Rd7 18.
Rxd7 Qxd7 19. g4 $16) 16... Bh3 17. Rxd8+ Rxd8 18. Qa5 $16) 16. Na5 {Finally,
one of Black's pawns falls. However, the vulnerablity of White's king gives
her definite counter-chances.} h5 (16... c5 $5 17. Qxc5 f6 18. Qc3 Qa6 19. Nc4
Be6 $14) 17. Qxc6 $2 {That inaccurate move was played rapidly.} ({Instead, the
accurate} 17. f3 $142 $1 Bh3 18. e4 $16 {would allow me to secure my king and
fix a clear advantage.}) 17... Qe7 $2 {Black loses too much time and fails to
develop any counterplay.} ({We both missed the following nice idea:} 17... Qxc6
18. Nxc6 a5 $1 {The restricted placement of White's knight offers Black decent
compensation:} (18... Bxc2 19. Rd7 Bf8 20. Rxc7 $16) 19. Bc3 a4 20. Rd2 f6 $44)
18. Nc4 {Now White is firmly in control. However, the game is not over yet.}
Rad8 (18... h4 19. Ne3 Be6 20. Nd5 $18) (18... Bh3 19. Ba3 Qe6 20. Qxc7 e4 21.
Rd6 Qg4 22. Re1 $18) 19. Ne3 ({There was nothing wrong with collecting the
pawns:} 19. Ba3 $1 Qe6 (19... Qg5 20. Qxc7 h4 21. Rxd8 Qxd8 22. Qxd8 Rxd8 23.
Rc1 $18) 20. Qxc7 Rc8 21. Qxa7 $18) 19... Be6 (19... Bh3 20. Nd5 Qg5 21. f4 $1
exf4 22. Bf6 $18) 20. Nd5 {Being under time pressure, I decided to simplify
matters.} ({A much stronger move was} 20. c4 $1 {preparing the knight's move}
h4 21. Nd5 Bxd5 22. cxd5 $18 {with a winning position.}) 20... Bxd5 21. Rxd5
Rxd5 22. Qxd5 Rd8 {White is a sound pawn up, but Black has some drawing
chances now due to the activity of her major pieces.} 23. Qc4 $6 ({Strangely
enough, I did not consider the most logical} 23. Qa5 {attacking the pawn and
getting an important tempo for consolidating:} c6 24. e4 h4 25. Bc3 $16) 23...
Rd2 ({Also in the event of} 23... e4 $5 24. Bxg7 Kxg7 25. Rf1 (25. Qc3+ Qf6 26.
Qxf6+ Kxf6 27. Kf1 Kg5 $132) 25... c5 $14 {it would be not easy for me to make
progress.}) 24. Rf1 Qd7 25. e4 ({I didn't like} 25. Bc1 Rd4 26. Qa6 h4 27. Qxa7
(27. Be3 Rd1 28. Rxd1 Qxd1+ 29. Kg2 Qxc2 $14) 27... Rd1 28. Qa8+ Kh7 29. Qg2 h3
30. Rxd1 Qxd1+ 31. Qf1 Qxc2 32. Qxh3+ Kg8 $14 {and the presence of Black's
queen in White's camp is annoying.}) 25... h4 26. Bc1 Rd4 27. Qe2 {I've
managed to parry the immediate threats, but it's difficult to make further
progress.} Qc6 $1 ({Correctly deviating from} 27... h3 28. Be3 $1 Rxe4 29. Rd1
Qc6 30. Qf1 $16 {and Black's king is in trouble due to an awkward placement of
Re4.}) 28. Re1 Bf8 $2 {Luckily for me, WGM Swaminathan blunders the second
pawn.} ({At the same time} 28... h3 $1 29. c4 (29. Bb2 Rd6 30. c4 Qd7 $14)
29... Qd7 30. Be3 Rd3 $14 {would offer Black excellent drawing chances.}) 29.
Bb2 Rd8 30. Bxe5 Re8 $6 ({Much more stubborn was} 30... h3 31. Ba1 Bg7 32. Bxg7
Kxg7 {and White still has to work hard in order to convert their material
advantage into a full point.}) 31. Bd4 $18 {Now White is completely winning.
All I had to do is to pass the time control without blunders.} hxg3 ({Or} 31...
f5 32. e5 h3 33. f3 $18) 32. hxg3 f5 33. Qd2 ({Also good enough was the move} 
33. e5 Kf7 34. Qd2 $18) 33... Rxe4 ({After} 33... fxe4 34. Bxa7 Ra8 35. Bd4
Rxa2 36. Qf4 {the vulnerablity of Black's king makes White's task easy.}) 34.
Rxe4 Qxe4 35. Bxa7 Bd6 36. Be3 Kf7 37. Qd3 {The rest was quite easy.} Qf3 38.
Bf4 Qa8 39. Bxd6 cxd6 40. a4 Ke7 41. c4 Qa5 42. Qd4 Qb4 43. Qg7+ 1-0